Der einzige Wiener Bezirk ... - Statistiken

Allgemein
  • Dieses Quiz wurde 265 mal gespielt
  • Das Durchschnittsergebnis liegt bei 7 aus 15
Antwortstatistiken
Der einzige Bezirk, der ... Bezirk % Korrekt
mit A beginnt Alsergrund
94%
mehr Einwohner als Linz hat Favoriten
73%
Anteil an einem Nationalpark hat Donaustadt
59%
Haie beheimatet Mariahilf
57%
Pferderennen veranstaltet Leopoldstadt
55%
weder an seinen vorhergehenden noch nachfolgenden Bezirk grenzt Liesing
55%
2 U-Bahn-Endstationen hat Floridsdorf
54%
über eine Synagoge verfügt Innere Stadt
48%
für die Aussprache eines Buchstabens bekannt ist Meidling
43%
dreimal mehr Grün- wie Bauland hat Hietzing
42%
alle Vokale enthält Rudolfsheim-Fünfhaus
40%
an 3 niederösterreichische Bezirke grenzt Donaustadt
39%
ein mehr als 1 km langes Gebäude hat Döbling
32%
dichter besiedelt ist als Shanghai Margareten
19%
auch ein Englisches Wort ist Simmering
18%
Keine übereinstimmenden Quizze gefunden
Verteilung der Resultate
Anzahl Personen mit jedem Resultat
Perzentil nach korrekt beantworteten Fragen
Ihre Resultats-Entwicklung
Sie haben dieses Quiz noch nicht gespielt